Toutes les Séries de cartes Pokemon - Statistiques

Statistiques générales
  • Ce quiz a été pris 148 fois
  • Le résultat moyen est 42 sur 115
Statistiques - réponses
N° Série Série % Correct
1 Set de base
85%
2 Jungle
83%
5 Team Rocket
80%
1 XY
74%
3 Fossile
72%
1 Platine
71%
1 Appel des légendes
69%
14 Aquapolis
68%
7 Tempête
65%
1 Épée et Bouclier
63%
1 Noir et Blanc
63%
1 Diamant et Perle
62%
1 Soleil et Lune
62%
8 Neo Genesis
60%
1 HeartGold SoulSilver
57%
9 Evolution Celeste
54%
11 Poing de Fusion
54%
11 Neo Destiny
52%
10 Neo Revelation
52%
11 Duo de Choc
51%
14 Evolutions
49%
9 Neo Discovery
49%
15 Origine Perdue
49%
15 Skyridge
49%
13 Astres Radieux
46%
7 Deoxys
46%
8 Règne de Glace
46%
12 Stars Etincelantes
45%
17 Zénith Suprême
45%
9 Emeraude
43%
16 Tempête Argentée
43%
4 Arceus
42%
14 Destinées Occultes
42%
10 Glaciation Plasma
42%
15 Iles des Dragons
42%
2 Rivaux Émergeants
42%
2 Tempête de Sable
42%
4 Triomphe
42%
2 Déchaînement
40%
6 Destinées Radieuses
40%
11 Espèce Delta
40%
3 Indomptable
40%
10 Célébrations
38%
3 Dragon
38%
13 Expedition
38%
13 Fantômes Holon
38%
11 Générations
38%
1 Rubis et Saphir
38%
7 Styles de Combat
38%
4 Base Set 2
37%
2 Etincelles
37%
2 Gardiens Ascendants
37%
16 Gardiens du Pouvoir
35%
8 Tempête Celeste
35%
3 Vainqueurs Suprêmes
35%
4 Vigueur Spectrale
35%
5 Voltage Eclatant
35%
5 Aube Majestueuse
34%
15 Éclipse Cosmique
34%
14 Gardiens de Cristal
34%
13 Harmonie des Esprits
34%
9 Impulsion Turbo
34%
3 Poings Furieux
34%
5 Primo Choc
34%
12 Alliance Infaillible
32%
7 Ciel Rugissant
32%
2 Clash des Rebelles
32%
6 Gym Heroes
32%
5 Invasion Carmin
32%
8 Origines Antiques
32%
14 Pokémon GO
32%
10 Rupture Turbo
32%
9 Tempête Plasma
32%
12 Impact des Destins
31%
6 Team Rocket Returns
31%
3 Ténèbres Embrasées
31%
11 Explosion Plasma
29%
4 La Voie du Maître
29%
12 Legendary Collection
29%
9 Majesté des Dragons
29%
13 Offensive Vapeur
29%
3 Ombres Ardentes
29%
10 Tonnerre Perdu
28%
4 Légendes Brillantes
26%
4 Légendes Oubliées
26%
5 Rouge Feu et Vert Feuille
26%
6 Ultra-Prisme
26%
7 Lumière Interdite
25%
3 Merveilles Secretes
25%
3 Nobles Victoires
25%
2 Pouvoirs Emergents
25%
8 Frontières Franchies
23%
7 Gym Challenge
23%
6 Double Danger
22%
10 Forces Cachées
22%
8 Team Magma VS Team Aqua
22%
7 Coffre des Dragons
20%
12 Créateurs de Légendes
18%
4 Destinées Futures
18%
5 Explorateurs Obscurs
15%
12 Legendary Treasures
15%
6 Dragons Exaltés
14%
4 Duels au sommet
14%
6 Eveil des Légendes
14%
2 Trésors Mystérieux
12%
Appel des légendes | Diamant et Perle | Ex | +7 others 1
9%
Aucun quiz correspondant
Distribution des résultats
% des personnes avec chaque résultat
Percentile par nombre de réponses
Votre historique - résultats
Vous n’avez pas pris ce quiz